000 00979nam a22003257a 4500
001 BR7503583
003 BR-BrBNA
005 20230928084818.0
007 ta
008 230509b bl.||||| |||| 00| 0 por d
040 _aBR-BrBNA
_bpor
_cBiblioteca Nacional de Agricultura
041 _a(Por)
072 _aK20
_b/G514
090 _ K20 BR7503583
110 1 _aInstituto Brasileiro de Desenvolvimento Florestal, Brasilia, DF
_95726
245 1 _aPlano de acao-1975. Regiao Sul [Parana, Santa Catarina, Rio Grande do Sul, Instituto Brasileiro de Desenvolvimento Florestal]
260 3 _aBrasilia, DF (Brasil):
_c1975.
300 _a24 p.
500 _a12 tables
650 _aADMINISTRACAO FLORESTAL
650 _aPLANEJAMENTO FLORESTAL
650 _aCOMERCIALIZACAO
650 _aMADEIRA
650 _aREFLORESTAMENTO
650 _aSANTA CATARINA
650 _aRIO GRANDE DO SUL
650 _aPARANA
909 _a202309
_bLucia
_c55
_dLucia Elande
942 _cBK
999 _c21236
_d21236